UBT Library

Chemotherapy of cancer / (Record no. 40817)

000 -LEADER
fixed length control field 00635cam a2200229 i 4500
001 - CONTROL NUMBER
control field 3717613
005 - DATE AND TIME OF LATEST TRANSACTION
control field 20180124033901.0
008 - FIXED-LENGTH DATA ELEMENTS--GENERAL INFORMATION
fixed length control field 800923s1981 nyua b 001 0 eng
010 ## - LIBRARY OF CONGRESS CONTROL NUMBER
LC control number 80024450
020 ## - INTERNATIONAL STANDARD BOOK NUMBER
International Standard Book Number 0471080454
040 ## - CATALOGING SOURCE
Original cataloging agency DLC
Transcribing agency DLC
Modifying agency DLC
041 ## - LANGUAGE CODE
Language code of text/sound track or separate title eng
060 ## - NATIONAL LIBRARY OF MEDICINE CALL NUMBER
Classification number QZ 267 C325c
080 ## - UNIVERSAL DECIMAL CLASSIFICATION NUMBER
Universal Decimal Classification number 616.994061 CAR
082 00 - DEWEY DECIMAL CLASSIFICATION NUMBER
Classification number 616.994061 CAR
Edition number 19
100 1# - Rafti
Rafti 6
101 ## - Shkurtesa
Shkurtesa KAN
245 10 - TITLE STATEMENT
Title Chemotherapy of cancer /
Statement of responsibility, etc Stephen K. Carter, Marie T. Bakowski, Kurt Hellmann.
504 ## - BIBLIOGRAPHY, ETC. NOTE
Bibliography, etc Includes bibliographical references and index.
906 ## - LOCAL DATA ELEMENT F, LDF (RLIN)
a 7
b cbc
c orignew
d u
e ocip
f 19
g y-gencatlg
942 ## - ADDED ENTRY ELEMENTS (KOHA)
Source of classification or shelving scheme
Item type Books
Holdings
Withdrawn status Lost status Source of classification or shelving scheme Damaged status Not for loan Collection code Permanent location Current location Shelving location Date acquired Total Checkouts Full call number Barcode Date last seen Price effective from Koha item type
          Koleksioni i përgjithshem UBT - Lipjan UBT - Lipjan Koleksioni i përgjithshem 01/24/2018   616.994061 CAR 002-2996348 01/24/2018 01/24/2018 Books
UBT Library © 2015-2024. All rights reserved University Education for Business and Technology